What's in Between Quiz Stats

Quiz Updated Mar 6, 2012

Challenge
Share
Tweet
Embed
Score 0/20 Timer 05:00
2 Plays Today
First Second % Correct
BartLisa (The Simpsons siblings)
83.3%
Prisoner of AzkabanGoblet of Fire (Harry Potter books)
64.2%
FamilyGenus (Taxonomic rank)
63.5%
The Curse of the Black PearlDead Man's Chest (Pirates of the Caribbean movies)
59.5%
NeptuneKuiper belt (Solar System objects)
55%
CarbonNitrogen (Chemical Elements)
53%
ExodusLeviticus (Old Testament books)
47.2%
John AdamsThomas Jefferson (U.S. Vice Presidents)
41.9%
Buck ShowalterJoe Torre (Yankees managers)
36.6%
GoldenEyeTomorrow Never Dies (James Bond movies)
35.4%
First Second % Correct
marzoabril (Spanish months)
30.7%
Stanley BaldwinNeville Chamberlain (Prime Ministers of the UK)
27.4%
RevolverSgt. Peppers Lonely Hearts Club Band (Beatles albums)
25.7%
AthensParis (Olympic Games Host cities)
19%
Fran├žois MitterrandJacques Chirac (Presidents of France)
18%
The Wrath of KhanThe Search for Spock (Star Trek movies)
17.6%
Schindler's ListForrest Gump (Oscar Best picture)
15.2%
Boris SpasskyBobby Fischer (World Chess champions)
14.2%
QuebecRomeo (NATO alphabet)
13.9%
Richard DawsonLouie Anderson (Family Feud hosts)
8.7%

You're not logged in!

Compare scores with friends on all Sporcle quizzes.
Sign Up with Email
OR
Log In

You Might Also Like...

Show Comments

Extras

Top Quizzes Today


Score Distribution

Your Account Isn't Verified!

In order to create a playlist on Sporcle, you need to verify the email address you used during registration. Go to your Sporcle Settings to finish the process.